000 00635cam a22002173a 4500
001 35444
003 PGUSA
005 20140828083750.0
008 110301s2011||||xxu|||||s|||||000 | eng d
040 _aPGUSA
_beng
042 _adc
100 1 _aSchopenhauer, Arthur,
_d1788-1860
245 1 0 _aAphorismes sur la sagesse dans la vie
_h[electronic resource] /
_cArthur Schopenhauer
260 _bProject Gutenberg,
_c2011
506 _aPublic domain in the USA.
516 _aElectronic text
700 1 _aCantacuzène, J.-A.
830 0 _aProject Gutenberg
_v35444
856 4 0 _uhttp://www.gutenberg.org/ebooks/35444
942 _cEB
999 _c264699
_d264699